Weiter zum Inhalt

Правоведение: трудовое право

Содержит учебный материал по таким разделам трудового права как: понятие трудового права, его источники и субъекты, понятия коллективного и трудового договоров, понятие и виды рабочего времени, виды времени отдыха, а также порядок и условия разрешения трудового спора. Предназначено для студентов все...

Ausführliche Beschreibung

Gespeichert in:
Bibliographische Detailangaben
1. Verfasser: Золотухин В. М.
Format: Книга
Sprache:Russian
Veröffentlicht: Кемерово КузГТУ имени Т.Ф. Горбачева 2012
Online Zugang:http://e.lanbook.com/books/element.php?pl1_id=69432
https://e.lanbook.com/img/cover/book/69432.jpg
Tags: Tag hinzufügen
Keine Tags, Fügen Sie den ersten Tag hinzu!
LEADER 01572nam0a2200229 i 4500
001 69432
003 RuSpLAN
005 20221220173943.0
008 221220s2012 ru gs 000 0 rus
040 |a RuSpLAN 
041 0 |a rus 
044 |a ru 
245 0 0 |a Правоведение: трудовое право  |c Золотухин В. М. 
260 |a Кемерово  |b КузГТУ имени Т.Ф. Горбачева  |c 2012 
300 |a 122 с. 
504 |a Библиогр.: доступна в карточке книги, на сайте ЭБС Лань 
520 8 |a Содержит учебный материал по таким разделам трудового права как: понятие трудового права, его источники и субъекты, понятия коллективного и трудового договоров, понятие и виды рабочего времени, виды времени отдыха, а также порядок и условия разрешения трудового спора. Предназначено для студентов всех специальностей технического университета. 
521 8 |a Книга из коллекции КузГТУ имени Т.Ф. Горбачева - Право. Юридические науки 
100 1 |a Золотухин В. М. 
856 4 |u http://e.lanbook.com/books/element.php?pl1_id=69432 
856 4 8 |u https://e.lanbook.com/img/cover/book/69432.jpg 
953 |a https://e.lanbook.com/img/cover/book/69432.jpg